000 00635nam a22002057a 4500
003 UA-OsUOA
001 42483
007 ta
008 20090206b un ||||| |||| 00| 0 ukr d
100 _aКіт Ярослав
090 _a94(477).08-09
_bК46
942 _cAV
040 _aUA-OsUOA
_bukr
_cUA-OsUOA
_dUA-OsUOA
245 _aПакт про ненапад 23 серпня 1939 року: дипломатичні аспекти // Докторська робота на CD-R
955 _a1
041 _aukr
080 _a94(477).08-09
650 7 _a9 Географія. Біографії. Історія
_2UDC
999 _c440983
_d440983